000 00506nam a2200181Ia 4500
999 _c29630
_d29630
003 OSt
005 20201221100329.0
008 190216s9999||||xx |||||||||||||| ||und||
020 _a9788126425136
040 _coclc
082 _a894.8121
_bRAJ/V
100 _aRajeevan, T P
_96893
245 0 _aVayalkkare Ippozhillatha /
_cT P Rajeevan
260 _bD C Books,
_c2009.
_aKottayam:
300 _a186p
650 _aKavithkal
942 _cBK
_2ddc
_h894.8121
_iRAJ/V
_k894.8121
_mRAJ/V